000 004010000a22001690004500
003 LK-CoMWRAF
008 230817t ||||| |||| 00| 0 eng d
020 _a8172314639
040 _aLK-CoMWRAF
_dLK-CoMWRAF
_eLK-CoMWRAF
041 _aeng
082 _a150
_bFAB
245 _aFaba
_b
260 _bAngel Educational Books
_aNew Delhi
_c
650 _aArabic Alphabet
650 _aIsalm
942 _cBK
999 _c1078
_d1078